Orientación educativa. Atención a la diversidad y educación inclusiva.
Guardat en:
| Autor principal: | |
|---|---|
| Altres autors: | , , , , , , , , , , , , , |
| Format: | Llibre |
| Publicat: |
Barcelona, España:
Graó,
2011.
|
| Edició: | 1.ª edición. |
| Col·lecció: | Formación del Profesorado. Educación Secundaria,
vol.II, |
| Matèries: | |
| Etiquetes: |
Afegir etiqueta
Sense etiquetes, Sigues el primer a etiquetar aquest registre!
|
MARC
| LEADER | 00000nam a22000007a 4500 | ||
|---|---|---|---|
| 003 | CL-VaPUC | ||
| 005 | 20230726104344.0 | ||
| 008 | 230706t2011 ||||| |||| 00| 0 eng d | ||
| 999 | |c 441315 |d 441313 | ||
| 020 | |a 978-84-9980-083-7 | ||
| 040 | |c Pontificia Universidad Católica de Valparaíso | ||
| 082 | |2 22 |a 371.9046 MAR 2021 | ||
| 100 | 1 | |a Martín, Elena |e coordinadora |9 883596 | |
| 245 | |a Orientación educativa. |b Atención a la diversidad y educación inclusiva. | ||
| 250 | |a 1.ª edición. | ||
| 260 | |a Barcelona, España: |b Graó, |c 2011. | ||
| 300 | |a 190 páginas. | ||
| 490 | |a Formación del Profesorado. Educación Secundaria, |n 15. |v vol.II, | ||
| 500 | |a c.1 Donación Elizabeth Donoso. Memo Donación/2023. | ||
| 583 | |c 20230706 |k Catalogador Asistente | ||
| 650 | 0 | |9 560584 |a Educación inclusiva |x Principios y características institucionales |x Formación del profesorado |x Currículo y desarrollo profesional | |
| 650 | 0 | |9 560584 |a Educación inclusiva |x Necesidades educativas especiales |x Estudiantes con alta capacidades |x Estudiantes con problemas de salud mental | |
| 700 | |a Mauri, Teresa |e coordinadora |9 883597 | ||
| 700 | |a Cuevas, Isabel |e autora |9 883598 | ||
| 700 | |a Echeita, Gerardo |e autor |9 883599 | ||
| 700 | |a Galán, María Luisa |e autora |9 883600 | ||
| 700 | |a García, Ricardo |e autor |9 883601 | ||
| 700 | |a García Rodicio, Héctor |e autor |9 883602 | ||
| 700 | |a Gómez Alemany, Isabel |e autora |9 883603 | ||
| 700 | |a Martín, Ana |e autora |9 883604 | ||
| 700 | |a Martínez Torres, Mercè |e autora |9 883605 | ||
| 700 | |a Montón, María José |e autora |9 883606 | ||
| 700 | |a Orrantia, José |e autor |9 883607 | ||
| 700 | |a Sánchez, Emilio |e autor |9 883608 | ||
| 700 | |a Sandoval, Marta |e autora |9 883609 | ||
| 700 | |a Simón, Cecilia |e autora |9 883610 | ||
| 942 | |2 ddc |c BK | ||
| 952 | |0 0 |1 0 |2 ddc |4 0 |6 371_904600000000000_MAR_2021 |7 0 |8 A |9 590688 |a BIBEDU |b BIBEDU |c GEN |d 2023-07-06 |e Donación |i 5657893 |l 4 |o 371.9046 MAR 2021 |p 5657893 |r 2024-12-02 |s 2024-11-18 |t 1 |w 2023-07-06 |y BK |k EDI | ||